Teoría estadística y aplicaciones (Registro nro. 1289)

Detalles MARC
000 -LEADER
fixed length control field 01696 a2200205 4500
001 - CONTROL NUMBER
control field 25138
005 - DATE AND TIME OF LATEST TRANSACTION
control field 20260407155534.0
008 - FIXED-LENGTH DATA ELEMENTS--GENERAL INFORMATION
fixed length control field 260407a1971 arg spa d
003 - CONTROL NUMBER IDENTIFIER
control field AR-UNSa-BCEJYS
040 ## - CATALOGING SOURCE
Original cataloging agency AR-UNSa-BCEJYS
Language of cataloging spa
Transcribing agency AR-UNSa-BCEJYS
080 ## - UNIVERSAL DECIMAL CLASSIFICATION NUMBER
Universal Decimal Classification number 519.21
Common auxiliary subdivision Teoría de probabilidades y procesos estocásticos<br/>
100 1# - MAIN ENTRY--PERSONAL NAME
Personal name Toranzos, Fausto I.
245 10 - TITLE STATEMENT
Title Teoría estadística y aplicaciones
250 ## - EDITION STATEMENT
Edition statement 3a. ed
264 #1 - PRODUCTION, PUBLICATION, DISTRIBUTION, MANUFACTURE, AND COPYRIGHT NOTICE
Place of production, publication, distribution, manufacture Buenos Aires :
Name of producer, publisher, distributor, manufacturer Kapelusz
Date of production, publication, distribution, manufacture, or copyright notice 1971
300 ## - PHYSICAL DESCRIPTION
Extent 448 p.
Dimensions 23 cm.
505 ## - FORMATTED CONTENTS NOTE
Formatted contents note Parte I : Cálculo de probabilidades.distribuciones : 1. Introducción a la estadística - 2. Probabilidad - 3. Variable aleatoria - 4. Pruebas repetidas - 5. La función normal y otras distribuciones elementales - 6. Distribuciones para la inferencia exacta - 7. Complementos sobre teoremas límites - Parte II : Estadística descriptiva : 8. Capacitación y complicación de datos - 9. Representaciones gráficas - 10. Series de frecuencias - 11. Ajuste e importación - 12. Series de frecuencia : concentración - 13. Números índices - 14. Teoría de atributos cualitativos - 15. Distribuciones bivariantes y multivariantes - 16. Regresión y correlación - 17. Regresión y correlación múltiples - 18. Análisis de series cronológicas - 19. Series cronológicas(continuación) - 20. Nociones sobre procesos estocásticos y análisis espectral - Parte III : Inferencia estadística : 21. Introducción a la inferencia : Uso de la distribución normal - 22. Inferencia exacta.Tests de hipótesis - 23. Teoría de la estimación - 24. Métodos de estimación - 25. Aplicaciones de la teoría de las muestras.
590 ## - LOCAL NOTE (RLIN)
Local note niveau_biblio:m niveau_hierar:0
942 ## - ADDED ENTRY ELEMENTS (KOHA)
Koha item type
Existencias
Withdrawn status Lost status Damaged status Not for loan Home library Current library Shelving location Date acquired Total checkouts Full call number Barcode Date last seen Price effective from Koha item type
        Biblioteca Prof. Eusebio Cleto del Rey Biblioteca Prof. Eusebio Cleto del Rey   07/04/2026   519.21 T676 3ed. L33087 07/04/2026 07/04/2026 Libro
        Biblioteca Prof. Eusebio Cleto del Rey Biblioteca Prof. Eusebio Cleto del Rey   07/04/2026   519.21 T676 3ed. L33086 07/04/2026 07/04/2026 Libro
        Biblioteca Prof. Eusebio Cleto del Rey Biblioteca Prof. Eusebio Cleto del Rey   07/04/2026   519.21 T676 3ed. L33085 07/04/2026 07/04/2026 Libro